• 首页
  • 本馆介绍
  • 公告通知
  • 最新文献
  • 馆藏检索
  • 电子资源
  • 读者导购
  • 参考咨询
  • 我的图书馆
  • 登录
  • 详细信息显示
  • 放入我的书架
  • 预约/预借图书
  • 作者相关作品
  • 分类相关作品
  • 丛书相关作品
  • 出版社相关作品

书目信息

  • 表格格式
  • 工作单格式
  • 卡片格式
题名:
化学反应与电子轨道
    
 
作者: 福井谦一 著 ;李荣森 译
分册:  
出版信息: 北京   科学出版社  1985
页数: 328页
开本: 20cm
丛书名:
单 册:
中图分类: O611.3
科图分类:
主题词: 无机化学
电子资源:
ISBN:
000 00693nam0 2200241 45
001 0185009550
005 20060725162700.73
010    @dCNY3.30
091    @a13031.2974
100    @a19900816d1985 kemy0chiy0121 ea
101 1  @achi@cjpn
102    @aCN@b110000
105    @ay z 000yy
200 10 @a化学反应与电子轨道@Ahua xue fan ying yu dian zi gui dao@f(日)福井谦一著@F(ri)fu jing qian yi zhu@g李荣森译
210    @a北京@c科学出版社@d1985
215    @a328页@d20cm
606 0  @a无机化学
690    @aO611.3@v3
701  0 @a福井谦一@Afu jing qian yi@4著
702  0 @a李荣森@Ali rong sen@4译
801  0 @aCN@b深圳图书馆@c20060725
801  2 @aCN@bNLC@c20060511
905    @dO611.3@e9
    
    化学反应与电子轨道/(日)福井谦一著/李荣森译.-北京:科学出版社,1985
    328页;20cm
    
    
    ISBN :CNY3.30
    
●
相关链接 在E读中查询图书 在五车中查询图书 在当当中查询图书 在豆瓣中查询图书


正题名:化学反应与电子轨道     索取号:O611.3/9         预约/预借

序号 登录号 条形码 馆藏地/架位号 状态 备注
1 0149657   001948691   第三借阅区/ [索取号:O611.3/9] 在馆    
2 0149658   001956093   第三借阅区/ [索取号:O611.3/9] 在馆    
3 0149659   202313059   密集书库/ [索取号:O611.3/9] 在馆    
4 0149660   202313086   密集书库/ [索取号:O611.3/9] 在馆    
5 0149661   000349616   第三借阅区/ [索取号:O611.3/9] 在馆    
6 0149662   202313282   密集书库/ [索取号:O611.3/9] 在馆    
7 0149663   202313095   密集书库/ [索取号:O611.3/9] 在馆    
8 0149664   000349607   第二样本阅览室/ [索取号:O611.3/9] 在馆    
9 0149665   000349590   第三借阅区/ [索取号:O611.3/9] 在馆    
10 0149666   202313291   密集书库/ [索取号:O611.3/9] 在馆    
11 0432964   204329645   密集书库/ [索取号:O611.3/9] 在馆    
欢迎您!
大连网信软件有限公司© 版权所有